000 00383nam a2200157Ia 4500
001 24670
005 20260414151059.0
008 260414t9999||||xx |||||||||||||| ||spa||
041 _aESP
082 _a345.721
_bM61
245 0 _aNormatividad vigente sobre conciliación y arbitraje en el Perú
_b
260 _c\N
650 _aDER
654 _aCDE
942 _cLIB
_dJUS
_fJUS
_2ddc
_n
999 _c24670
_d24670